Online Catalogue and eLibrary

Feminist thought : (Record no. 131)

MARC details
000 -LEADER
fixed length control field 00632pam a2200205 a 4500
001 - CONTROL NUMBER
control field 4890674
005 - DATE AND TIME OF LATEST TRANSACTION
control field 20231204030707.0
008 - FIXED-LENGTH DATA ELEMENTS--GENERAL INFORMATION
fixed length control field 931228s1994 enk b 001 0 eng
020 ## - INTERNATIONAL STANDARD BOOK NUMBER
ISBN 1557864853 (alk. paper)
020 ## - INTERNATIONAL STANDARD BOOK NUMBER
ISBN 1557864861 (alk. paper : pbk.)
040 ## - CATALOGING SOURCE (பட்டியலாக்க மூலம்)
Original cataloging agency DLC
Transcribing agency DLC
Modifying agency DLC
082 00 - DDC Classification
Class No. 305.42/01
DDC Edition Number 20
Item Number - Author Mark PAT.
100 1# - MAIN ENTRY--PERSONAL NAME
Personal name Clough, Patricia Ticineto,
245 10 - TITLE STATEMENT
Title Feminist thought :
Remainder of title desire, power, and academic discourse /
Statement of responsibility, etc. Patricia Ticineto Clough.
260 ## - PUBLICATION, DISTRIBUTION, ETC.
Place of publication, distribution, etc. Oxford, UK ;
-- Cambridge, Mass. :
Name of publisher, distributor, etc. Blackwell,
Date of publication, distribution, etc. 1994.
300 ## - PHYSICAL DESCRIPTION
Extent (e.g. Volumes, Pages etc.) xi, 176 p. ;
650 #0 - SUBJECT ADDED ENTRY--TOPICAL TERM
Topical term or geographic name entry element Feminist theory.
650 #0 - SUBJECT ADDED ENTRY--TOPICAL TERM
Topical term or geographic name entry element Social sciences
942 ## - Koha item type (Biblio)
Koha item type Books in Stacks (Lending)
Holdings
Lost status Damaged status Collection code Home library Current library Date acquired Full call number Accession Number Item type
    Lending WERC Library WERC Library 12/04/2023 305.42/01 PAT. 2305 Books in Stacks (Lending)

© WERC Library